Statistics for Countries furthest from any ocean

Click here to take the quiz!

General Stats

  • This quiz has been taken 23 times
  • The average score is 24 of 28

Answer Stats

Miles to Nearest OceanCountry% Correct
2899miCentral African Republic
100%
3219miChad
100%
4319miKazakhstan
100%
3865miSouth Sudan
100%
4589miTurkmenistan
100%
4811miUzbekistan
100%
2063miBhutan
95%
3058miBotswana
95%
5006miKyrgyzstan
95%
2134miNepal
95%
3447miNiger
95%
4642miTajikistan
95%
2374miUganda
95%
2544miZimbabwe
95%
2594miBurundi
90%
1827miMalawi
90%
2766miMali
90%
4128miMongolia
90%
2396miParaguay
90%
2623miRwanda
90%
3087miZambia
90%
2561miAfghanistan
81%
2268miBurkina Faso
81%
2002miSlovakia
71%
1967miLesotho
67%
1897miCzech Republic
62%
1914miEthiopia
52%
3304miUkraine
38%

Score Distribution

Percentile by Number Answered

Percent of People with Each Score

Your Score History

You have not taken this quiz